Time and the hour : some collected papers of David C. Douglas.

Bibliographic Details
Main Author: Douglas, David Charles, 1898-
Format: Book
Language:English
Published: London : Eyre Methuen, 1977.
Subjects:

MARC

Tag First Indicator Second Indicator Subfields
LEADER 00000cam a2200000 i 4500
001 in00000613608
005 20151015050249.0
008 780530s1977 enk b 00100 eng
010 |a  78311889  
015 |a GB78-07973 
020 |a 0413318303 :  |c 16.00 
035 |a (OCoLC)03741659 
035 |9 ACS8819AM 
040 |a DLC  |c DLC  |d TXA  |d UtOrBLW 
043 |a e-fr---  |a e-uk---  |a e-uk-en 
049 |a TXAM  |c [975221] 
050 0 0 |a DA195  |b .D63 
082 0 |a 940.1 
100 1 |a Douglas, David Charles,  |d 1898- 
245 1 0 |a Time and the hour :  |b some collected papers of David C. Douglas. 
264 1 |a London :  |b Eyre Methuen,  |c 1977. 
300 |a 252 pages ;  |c 24 cm. 
336 |a text  |b txt  |2 rdacontent 
337 |a unmediated  |b n  |2 rdamedia 
338 |a volume  |b nc  |2 rdacarrier 
504 |a "Select bibliography of David C. Douglas": pages 235-243. 
504 |a Includes bibliographical references and index. 
630 0 0 |a Domesday book. 
651 0 |a Great Britain  |x History  |y Norman period, 1066-1154. 
651 0 |a Great Britain  |x History  |y Medieval period, 1066-1485  |x Historiography. 
651 0 |a Normandy (France)  |x History. 
651 0 |a Paris (France)  |x History  |y To 1515. 
999 |a MARS 
999 f f |s c6781ec0-58fc-3831-80d1-82a4b85938b3  |i 0a7b0052-1189-304a-91b5-e70ada443d2c  |t 0 
952 f f |p normal  |a Texas A&M University  |b College Station  |c Sterling C. Evans Library  |d Evans: Library Stacks  |t 0  |e DA195 .D63  |h Library of Congress classification  |i unmediated -- volume  |m A14801916471 
998 f f |a DA195 .D63  |t 0  |l Evans: Library Stacks